MAASAI MARA UNIVERSITY

LIBRARY CATALOGUE

Contact Us: +254 020 2685356/7 or 0774 057787

Box: 861-20500, NAROK, KENYA

Email: info@mmarau.ac.ke

Process Risk and reliability management: (Record no. 18610)

MARC details
000 -LEADER
fixed length control field 00509nam a22001817a 4500
003 - CONTROL NUMBER IDENTIFIER
control field OSt
005 - DATE AND TIME OF LATEST TRANSACTION
control field 20220610051738.0
008 - FIXED-LENGTH DATA ELEMENTS--GENERAL INFORMATION
fixed length control field 160804b xxu||||| |||| 00| 0 eng d
020 ## - INTERNATIONAL STANDARD BOOK NUMBER
International Standard Book Number 9781437778052
040 ## - CATALOGING SOURCE
Transcribing agency MMU
Original cataloging agency MMU
Language of cataloging eng
Modifying agency MMU
050 ## - LIBRARY OF CONGRESS CALL NUMBER
Classification number HD61.S88 2010
100 ## - MAIN ENTRY--PERSONAL NAME
Personal name Sutton,Ian.
245 ## - TITLE STATEMENT
Title Process Risk and reliability management:
Remainder of title operation integrity management/
Statement of responsibility, etc. Ian Sutton.
260 ## - PUBLICATION, DISTRIBUTION, ETC. (IMPRINT)
Place of publication, distribution, etc. Boston:
Name of publisher, distributor, etc. Elsevier,
Date of publication, distribution, etc. 2010.
300 ## - PHYSICAL DESCRIPTION
Extent 850 p. :
650 ## - SUBJECT ADDED ENTRY--TOPICAL TERM
Topical term or geographic name as entry element management
9 (RLIN) 273
942 ## - ADDED ENTRY ELEMENTS (KOHA)
Source of classification or shelving scheme Library of Congress Classification
Koha item type L
Holdings
Withdrawn status Lost status Source of classification or shelving scheme Damaged status Not for loan Home library Current library Date acquired Source of acquisition Total Checkouts Full call number Barcode Date last seen Price effective from Koha item type
    Library of Congress Classification     Maasai Mara University Library -Main Campus Maasai Mara University Library -Main Campus 08/04/2016 donation   HD61.S88 2010 201313706 08/04/2016 08/04/2016 L
© 2016 Maasai Mara University.